[Event "World-chT Rapid"]
[Site "Dusseldorf"]
[Date "2023.08.28"]
[Round "11"]
[White "Caruana, Fabiano"]
[Black "Huschenbeth, Niclas"]
[Result "1/2-1/2"]
[WhiteElo "2782"]
[BlackElo "2566"]
[PlyCount "125"]
[EventDate "2023.08.26"]
[EventType "team-swiss (rapid)"]
[EventRounds "12"]
[EventCountry "GER"]
[SourceTitle "CBM 215 Extra"]
[Source "ChessBase"]
[SourceDate "2023.09.30"]
[SourceVersion "1"]
[SourceVersionDate "2023.09.30"]
[SourceQuality "1"]
[WhiteTeam "Kompetenzakademie Allstars"]
[BlackTeam "Berlin Chess Federation"]
[WhiteTeamCountry "GER"]
[BlackTeamCountry "GER"]

1. e4 e5 2. Nf3 Nc6 3. Bc4 Nf6 4. d3 Bc5 5. c3 d6 6. 0-0 a5 7. Re1 0-0 8. h3 Ba7 9. Nbd2 Be6 10. Bb5 Ne7 11. d4 Ng6 12. Ba4 Nh5 13. Nf1 Nhf4 14. Ng3 exd4 15. cxd4 d5 16. e5 f6 17. Bc2 fxe5 18. Nxe5 Qf6 19. Nxg6 Nxg6 20. Be3 Rae8 21. Nh5 Qh4 22. Bxg6 hxg6 23. Nf4 Bf7 24. g3 Qf6 25. h4 Re4 26. Kg2 Bxd4 27. Bxd4 Rxd4 28. Qf3 Rd2 29. b3 c6 30. Qe3 Rc2 31. Red1 Re8 32. Qd3 Rc3 33. Qd2 d4 34. Qxd4 Qxd4 35. Rxd4 Rc2 36. Rd7 b5 37. Rc7 Be6 38. Rd1 Bf5 39. Rd6 Kh7 40. g4 Be4+ 41. Kg3 Rc3+ 42. Kh2 Rf8 43. Nh3 Kh6 44. Rd4 Rff3 45. Rxe4 Rxh3+ 46. Kg2 Rxh4 47. Rce7 Rhh3 48. R4e5 Rhd3 49. Re8 Kh7 50. Re1 g5 51. R1e5 Rd5 52. Rxd5 cxd5 53. Re5 Kg6 54. Rxd5 Rc2 55. a4 b4 56. Rf5 Rc3 57. Rf3 Rc1 58. Re3 Kf6 59. Kf3 Rc2 60. Rd3 Ke5 61. Ke3 Rb2 62. Kf3 Rc2 63. Ke3 1/2-1/2

[Event "World-chT Rapid"]
[Site "Dusseldorf"]
[Date "2023.08.27"]
[Round "8.3"]
[White "Huschenbeth, Niclas"]
[Black "Aravindh, Chithambaram VR"]
[Result "1-0"]
[WhiteElo "2603"]
[BlackElo "2645"]
[PlyCount "75"]
[EventDate "2023.08.26"]
[EventType "team-swiss (rapid)"]
[EventRounds "12"]
[EventCountry "GER"]
[SourceTitle "CBM 215 Extra"]
[Source "ChessBase"]
[SourceDate "2023.09.30"]
[SourceVersion "1"]
[SourceVersionDate "2023.09.30"]
[SourceQuality "1"]
[WhiteTeam "Berlin Chess Federation"]
[BlackTeam "Six Pack"]
[WhiteTeamCountry "GER"]
[BlackTeamCountry "IND"]

1. d4 d5 2. Nf3 Nf6 3. c3 g6 4. Bf4 Bg7 5. h3 0-0 6. e3 b6 7. Nbd2 Bb7 8. a4 c5 9. a5 Nc6 10. a6 Bc8 11. Bb5 Bd7 12. Qa4 Qe8 13. 0-0 Rc8 14. Kh1 Nd8 15. Bxd7 Qxd7 16. Qa3 Qf5 17. Bh2 Nd7 18. Rad1 Nc6 19. Rfe1 Rfe8 20. Qa4 Nf6 21. Kg1 h5 22. Ne5 Nxe5 23. dxe5 Nd7 24. e4 dxe4 25. e6 Qxe6 26. Nxe4 Ne5 27. Bxe5 Bxe5 28. Qd7 Qxd7 29. Rxd7 Bb8 30. Red1 Kf8 31. c4 Be5 32. Rxa7 Red8 33. Rdd7 Rxd7 34. Rxd7 Ke8 35. Rb7 Ra8 36. a7 Kd8 37. Nc3 f5 38. Nd5 1-0

[Event "World-chT Rapid"]
[Site "Dusseldorf"]
[Date "2023.08.27"]
[Round "5.5"]
[White "Huschenbeth, Niclas"]
[Black "Krastev, Alexander"]
[Result "1-0"]
[WhiteElo "2603"]
[BlackElo "2411"]
[PlyCount "129"]
[EventDate "2023.08.26"]
[EventType "team-swiss (rapid)"]
[EventRounds "12"]
[EventCountry "GER"]
[SourceTitle "CBM 215 Extra"]
[Source "ChessBase"]
[SourceDate "2023.09.30"]
[SourceVersion "1"]
[SourceVersionDate "2023.09.30"]
[SourceQuality "1"]
[WhiteTeam "Berlin Chess Federation"]
[BlackTeam "Hemer"]
[WhiteTeamCountry "GER"]
[BlackTeamCountry "GER"]

1. d4 Nf6 2. Nf3 e6 3. Bf4 b6 4. e3 Bb7 5. Bd3 d6 6. h3 Nbd7 7. 0-0 Qe7 8. Bh2 g6 9. a4 a6 10. c4 Bg7 11. Nc3 0-0 12. a5 c5 13. Be2 cxd4 14. Nxd4 bxa5 15. Nb3 Ne5 16. Nxa5 Rfd8 17. b4 Ne4 18. Nxe4 Bxe4 19. Qd2 Rac8 20. Rac1 h5 21. f3 Ba8 22. Rfd1 g5 23. e4 g4 24. hxg4 hxg4 25. f4 Bh6 26. Qe3 Ng6 27. Rf1 Rb8 28. Bxg4 Qh4 29. Qe2 Rxb4 30. Rcd1 Qe7 31. Bh5 Qc7 32. f5 exf5 33. Rxf5 Qa7+ 34. Kh1 Qe7 35. e5 dxe5 36. Rdf1 Rf8 37. Qg4 Qh4 38. Qxh4 Nxh4 39. Bxf7+ Kh7 40. R5f2 Be3 41. Re2 Bf4 42. Bd5 Bxd5 43. cxd5 Nf5 44. g3 Bh6 45. Ref2 Kg6 46. Nc6 Rb7 47. g4 Ne3 48. Nxe5+ Kg5 49. Rxf8 Bxf8 50. Rxf8 Rb1+ 51. Bg1 Nxd5 52. Rf5+ Kh6 53. Nf7+ Kg7 54. Rxd5 Kxf7 55. Kg2 Ra1 56. Bb6 Ke6 57. Ra5 Rc1 58. Be3 Rc6 59. Kf3 Kf6 60. Rh5 Kg7 61. Rd5 Kg6 62. Rd7 Rf6+ 63. Kg3 a5 64. Ra7 Re6 65. Bf4 1-0

[Event "Titled Tuesday intern op 15th Aug Early"]
[Site "Chess.com INT"]
[Date "2023.08.15"]
[Round "3"]
[White "Bluebaum, Matthias"]
[Black "Huschenbeth, Niclas"]
[Result "1-0"]
[WhiteElo "2670"]
[BlackElo "2603"]
[PlyCount "81"]
[EventDate "2023.08.15"]
[EventType "swiss (blitz)"]
[EventRounds "11"]
[EventCountry "USA"]
[SourceTitle "EXT 2024"]
[Source "ChessBase"]
[SourceDate "2023.10.10"]
[SourceVersion "1"]
[SourceVersionDate "2023.10.10"]
[SourceQuality "1"]

1. d4 Nf6 2. c4 e6 3. Nc3 Bb4 4. e3 d5 5. Bd2 0-0 6. Nf3 b6 7. cxd5 exd5 8. Rc1 Bd6 9. Nb5 Re8 10. Qc2 c6 11. Nxd6 Qxd6 12. Bd3 Bb7 13. 0-0 Nbd7 14. b4 Ne4 15. Be1 b5 16. a4 a6 17. a5 Qf6 18. Nd2 Nd6 19. Bxh7+ Kf8 20. Bd3 g6 21. Nb3 Kg7 22. Nc5 Bc8 23. Bc3 Nf8 24. e4 Qh4 25. Rce1 Ne6 26. exd5 Rh8 27. h3 Nf4 28. Re3 Nxg2 29. Rg3 Nf4 30. Bxg6 fxg6 31. Ne6+ Bxe6 32. dxe6 Nxh3+ 33. Kg2 Nf4+ 34. Kf3 Qh5+ 35. Kxf4 Rhf8+ 36. Ke3 Nc4+ 37. Kd3 Qf5+ 38. Ke2 Qxc2+ 39. Ke1 Qc1+ 40. Ke2 Qc2+ 41. Ke1 1-0

[Event "Titled Tuesday intern op 15th Aug Early"]
[Site "Chess.com INT"]
[Date "2023.08.15"]
[Round "10"]
[White "Huschenbeth, Niclas"]
[Black "Nadanian, Ashot S"]
[Result "1/2-1/2"]
[WhiteElo "2603"]
[BlackElo "2279"]
[PlyCount "131"]
[EventDate "2023.08.15"]
[EventType "swiss (blitz)"]
[EventRounds "11"]
[EventCountry "USA"]
[SourceTitle "EXT 2024"]
[Source "ChessBase"]
[SourceDate "2023.10.10"]
[SourceVersion "1"]
[SourceVersionDate "2023.10.10"]
[SourceQuality "1"]

1. e4 c5 2. Nf3 Nc6 3. d4 cxd4 4. Nxd4 Qb6 5. Nb3 Nf6 6. Nc3 e6 7. Qe2 Bb4 8. Bd2 0-0 9. 0-0-0 d5 10. e5 Bxc3 11. Bxc3 Ne4 12. Bd4 Nxd4 13. Nxd4 Bd7 14. f3 Nc5 15. Kb1 Rfc8 16. h4 a5 17. h5 a4 18. a3 Qd8 19. Qd2 h6 20. g4 b5 21. c3 Nb3 22. Qe3 b4 23. cxb4 Qc7 24. Bd3 Qa7 25. Bc2 Nxd4 26. Qxd4 Rc4 27. Qxa7 Rxa7 28. Bd3 Rf4 29. Be2 f6 30. exf6 gxf6 31. Rd2 Kf7 32. Rc1 Ke7 33. Rc5 Kd6 34. Kc2 Ra8 35. b3 Bc6 36. bxa4 Bxa4+ 37. Kb2 Bc6 38. Rdc2 Bd7 39. Rd2 Bc6 40. Rd3 e5 41. Rd2 d4 42. Rd3 Bb7 43. Rb3 e4 44. fxe4 Rf2 45. Rc2 Bxe4 46. Bd3 Rxc2+ 47. Kxc2 Bd5 48. Rb1 Rxa3 49. b5 Ra2+ 50. Kd1 Bf3+ 51. Ke1 Ra3 52. b6 Rxd3 53. b7 Re3+ 54. Kf2 Bxb7 55. Rxb7 Ke5 56. Rh7 Kf4 57. Rxh6 Re7 58. Rxf6+ Kxg4 59. h6 Kg5 60. Rd6 Rh7 61. Rxd4 Rxh6 62. Rd5+ Kf6 63. Rd4 Ke5 64. Rd3 Rf6+ 65. Rf3 Rxf3+ 66. Kxf3 1/2-1/2

[Event "Titled Tuesday intern op 15th Aug Early"]
[Site "Chess.com INT"]
[Date "2023.08.15"]
[Round "8"]
[White "Huschenbeth, Niclas"]
[Black "Smieszek, Wojciech"]
[Result "1-0"]
[WhiteElo "2603"]
[BlackElo "2118"]
[PlyCount "119"]
[EventDate "2023.08.15"]
[EventType "swiss (blitz)"]
[EventRounds "11"]
[EventCountry "USA"]
[SourceTitle "EXT 2024"]
[Source "ChessBase"]
[SourceDate "2023.10.10"]
[SourceVersion "1"]
[SourceVersionDate "2023.10.10"]
[SourceQuality "1"]

1. e4 c5 2. Nf3 g6 3. d4 cxd4 4. Nxd4 Nc6 5. c4 Nf6 6. Nc3 Nxd4 7. Qxd4 d6 8. Be2 Bg7 9. Be3 0-0 10. Qd2 a5 11. 0-0 a4 12. Bd4 Qa5 13. Rad1 Be6 14. f4 Rfc8 15. b3 axb3 16. axb3 Qb4 17. f5 Bd7 18. Bxf6 Bxf6 19. Nd5 Qxd2 20. Nxf6+ Kg7 21. Rxd2 Kxf6 22. fxg6+ Kxg6 23. e5 Bc6 24. exd6 Rd8 25. Rfd1 exd6 26. Rxd6+ Rxd6 27. Rxd6+ Kf5 28. Rd3 Ra2 29. Bf3 Rb2 30. h3 Be4 31. Rd7 Rxb3 32. Bxe4+ Kxe4 33. Rxf7 h5 34. Rh7 b5 35. c5 b4 36. Rxh5 Rb1+ 37. Kh2 b3 38. c6 Rc1 39. Rb5 Rxc6 40. Rxb3 Kf4 41. Rb5 Rc2 42. Rb8 Kg5 43. Rg8+ Kh4 44. Rg4+ Kh5 45. Ra4 Kg5 46. h4+ Kh5 47. Kh3 Rc3+ 48. g3 Rb3 49. Ra5+ Kh6 50. h5 Rb1 51. Kh4 Rh1+ 52. Kg4 Rb1 53. Ra6+ Kg7 54. Kg5 Rb5+ 55. Kh4 Kh7 56. g4 Kg7 57. h6+ Kh7 58. g5 Rc5 59. Kh5 Rc1 60. g6+ 1-0

[Event "Titled Tuesday intern op 15th Aug Early"]
[Site "Chess.com INT"]
[Date "2023.08.15"]
[Round "9"]
[White "Kazakouski, Valery"]
[Black "Huschenbeth, Niclas"]
[Result "1-0"]
[WhiteElo "2558"]
[BlackElo "2603"]
[PlyCount "61"]
[EventDate "2023.08.15"]
[EventType "swiss (blitz)"]
[EventRounds "11"]
[EventCountry "USA"]
[SourceTitle "EXT 2024"]
[Source "ChessBase"]
[SourceDate "2023.10.10"]
[SourceVersion "1"]
[SourceVersionDate "2023.10.10"]
[SourceQuality "1"]

1. Nf3 d5 2. c4 d4 3. b4 Nf6 4. Qb3 c5 5. e3 dxe3 6. fxe3 cxb4 7. d4 e6 8. Bd3 Nc6 9. 0-0 Be7 10. Bb2 0-0 11. Nbd2 a5 12. Rae1 a4 13. Qd1 b3 14. axb3 a3 15. Ba1 Nb4 16. Ne5 Nxd3 17. Nxd3 b5 18. e4 bxc4 19. bxc4 Bb7 20. e5 Nd7 21. Ne4 Qc7 22. c5 Ba6 23. Rf4 Rab8 24. Nd6 Bxd6 25. exd6 Qc6 26. d5 Qxd5 27. Rd4 Qb3 28. c6 Qxd1 29. Rxd1 Bxd3 30. R4xd3 Ne5 31. Bxe5 1-0

[Event "Bundesliga 2223"]
[Site "Germany"]
[Date "2023.04.01"]
[Round "12.5"]
[White "L'Ami, Erwin"]
[Black "Huschenbeth, Niclas"]
[Result "1/2-1/2"]
[WhiteElo "2617"]
[BlackElo "2593"]
[PlyCount "102"]
[EventDate "2022.10.21"]
[EventType "team-tourn"]
[EventRounds "15"]
[EventCountry "GER"]
[SourceTitle "CBM 213 Extra"]
[Source "ChessBase"]
[SourceDate "2023.05.31"]
[SourceVersion "1"]
[SourceVersionDate "2023.05.31"]
[SourceQuality "1"]
[WhiteTeam "Solingen"]
[BlackTeam "Bayern Muenchen"]
[WhiteTeamCountry "GER"]
[BlackTeamCountry "GER"]

1. d4 Nf6 2. Nf3 d5 3. Bf4 c5 4. e3 Nc6 5. Be2 e6 6. 0-0 Bd6 7. dxc5 Bxf4 8. exf4 Qa5 9. Nbd2 Qxc5 10. Nb3 Qb6 11. c3 0-0 12. Bd3 Bd7 13. Qe2 a5 14. Nbd4 Nxd4 15. Nxd4 Qc5 16. Rfe1 Rab8 17. a4 Rfc8 18. g4 Qd6 19. g5 Ne8 20. Qe5 Qxe5 21. fxe5 g6 22. f4 h6 23. gxh6 Kh7 24. Kf2 Kxh6 25. Rg1 Ng7 26. Rg5 Rh8 27. h4 Nh5 28. Ke3 Kg7 29. Rag1 Kf8 30. Be2 Ng7 31. h5 Nxh5 32. Bxh5 Rxh5 33. Rxh5 gxh5 34. Rh1 Kg7 35. Rxh5 Bxa4 36. f5 exf5 37. Rg5+ Kf8 38. Nxf5 Bd7 39. Rh5 Kg8 40. Ne7+ Kg7 41. Nxd5 Be6 42. Nf4 Bc4 43. Rg5+ Kf8 44. Nh5 Ke7 45. Nf6 Be6 46. Kd4 b6 47. Rg8 Rxg8 48. Nxg8+ Kd7 49. Nf6+ Kc6 50. Ne4 Kb5 51. Nd2 Kc6 1/2-1/2

[Event "AUT-chT 2223"]
[Site "Austria"]
[Date "2023.03.24"]
[Round "6.6"]
[White "Haba, Petr"]
[Black "Huschenbeth, Niclas"]
[Result "1/2-1/2"]
[WhiteElo "2451"]
[BlackElo "2598"]
[PlyCount "70"]
[EventDate "2022.11.03"]
[EventType "team-tourn"]
[EventRounds "11"]
[EventCountry "AUT"]
[SourceTitle "CBM 213 Extra"]
[Source "ChessBase"]
[SourceDate "2023.05.31"]
[SourceVersion "1"]
[SourceVersionDate "2023.05.31"]
[SourceQuality "1"]
[WhiteTeam "Grieskirchen"]
[BlackTeam "Goetzis"]
[WhiteTeamCountry "AUT"]
[BlackTeamCountry "AUT"]

1. e4 e5 2. Nf3 Nc6 3. Bb5 a6 4. Ba4 Nf6 5. 0-0 Nxe4 6. d4 b5 7. Bb3 d5 8. dxe5 Be6 9. Qe2 Be7 10. Rd1 0-0 11. c4 bxc4 12. Bxc4 Bc5 13. Be3 Bxe3 14. Qxe3 Qb8 15. Bb3 Na5 16. Nbd2 Nxd2 17. Rxd2 Nxb3 18. axb3 Qb4 19. Rc2 Rfc8 20. Rac1 Rab8 21. Nd4 c5 22. Nxe6 fxe6 23. Rxc5 Rxc5 24. Qxc5 Qxc5 25. Rxc5 Rxb3 26. Rc6 Kf7 27. Rxa6 Rxb2 28. Kf1 Rb1+ 29. Ke2 Rb4 30. f3 Rb2+ 31. Kf1 h5 32. h3 h4 33. Ra4 Rb1+ 34. Kf2 Rb2+ 35. Kf1 Rb1+ 1/2-1/2

[Event "Bundesliga 2223"]
[Site "Germany"]
[Date "2023.03.18"]
[Round "10.8"]
[White "Gavrilescu, David"]
[Black "Huschenbeth, Niclas"]
[Result "1-0"]
[WhiteElo "2523"]
[BlackElo "2593"]
[PlyCount "65"]
[EventDate "2022.10.21"]
[EventType "team-tourn"]
[EventRounds "15"]
[EventCountry "GER"]
[SourceTitle "CBM 213 Extra"]
[Source "ChessBase"]
[SourceDate "2023.05.31"]
[SourceVersion "1"]
[SourceVersionDate "2023.05.31"]
[SourceQuality "1"]
[WhiteTeam "Kiel Turm"]
[BlackTeam "Bayern Muenchen"]
[WhiteTeamCountry "GER"]
[BlackTeamCountry "GER"]

1. e4 c5 2. Nc3 d6 3. Bb5+ Nd7 4. a4 a6 5. Be2 Ngf6 6. f4 b6 7. Nf3 e6 8. 0-0 Bb7 9. d3 Be7 10. Qe1 0-0 11. Qg3 g6 12. f5 exf5 13. exf5 Re8 14. Ng5 Bf8 15. Bf4 Ne5 16. Nce4 Bg7 17. Nxf6+ Bxf6 18. Qh4 h5 19. fxg6 fxg6 20. Bxh5 gxh5 21. Qxh5 Qe7 22. d4 Nd7 23. dxc5 bxc5 24. Kh1 Bxg5 25. Bxg5 Qg7 26. Ra3 Nf6 27. Qh4 Re5 28. Rg3 Ne4 29. Bf6 Qxg3 30. Qh8+ Kf7 31. Qh7+ Kf8 32. Bxe5+ Nf2+ 33. Rxf2+ 1-0